IO 2020 - siatkówka faza grupowa - Statystyki

Ogólne statystyki
  • Ten quiz został rozwiązany 291 razy
  • Średni wynik to 10 z 12
Statystyki odpowiedzi
Odpowiedź % Poprawnych
Polska
100%
Brazylia
97%
Francja
96%
USA
94%
Włochy
94%
Japonia
91%
Kanada
86%
Rosja
86%
Argentyna
85%
Iran
80%
Tunezja
54%
Wenezuela
37%
Nie znaleziono quizów pasujących do podanych kryteriów
Rozkład punktacji
Procent ludzi z każdym wynikiem
Percentyl według liczby udzielonych odpowiedzi
Twoja historia wyników
Nie rozwiązałeś tego quizu